1396 1436 1018 1237 1513 1284 1353 1471 1014 1750 1664 1482 1263 1169 1663 1300 1039 1295 1567 1545 1871 1381 1760 1970 1743 1028 1804 1517 1426 1999 1831 1147 1035 1929 1977 1682 1303 1070 1916 1838 1761 1065 1377 1631 1269 1893 1929 1971 1483 1566 1373 1306 1311 1740 1418 1885 1444 1742 1533 1624 1002 1902 1556 1894 1772 1499 1708 1822 1182 1245 1138 1779 1080 1403 1894 1414 1544 1826 1188 1139 1179 1105 1443 1906 1488 1226 1280 1209 1525 1974 1641 1314 1703 1285 1861 1853 1063 1927 1886 BCNSPRNW ULIB Ver.6.0+V

เปลี่ยนเป็นภาษาไทย

Change to English
 แสดงรายละเอียดบรรณานุกรม
  กลับหน้าหลัก

Brief Record : Get Marc (ISO 2709) : E-mail record : QR code < ปิดหน้าต่าง
LEADER : 00000nam 2200000uu 4500
001    13399120646
003     ULIB
008    121002s2547||||th 000 0 tha d
020    ^a9746132741 (ล.2)
050  0 ^a BL2075^bส747อ ล.2
110 2  ^aมหาวิทยาลัยสุโขทัยธรรมาธิราช
245 10 ^aความเชื่อและศาสนาในสังคมไทย หน่วยที่ 8-15=^bBeliefs and religions in Thai society /^cมหาวิทยาลัยสุโขทัยธรรมาธิราช
246 31 ^aBeliefs and religions in Thai society
250    ^aพิมพ์ครั้งที่ 6
260    ^aนนทบุรี :^bสำนักพิมพ์มหาวิทยาลัยสุโขทัยธรรมาธิราช,^c2547
300    ^a2 ล. ;^c30 ซม.
500    ^aเอกสารการสอนชุดวิชา 12304 หน่วยที่ 1-7, 8-15 -- หน้าปกใน
650  4 ^aความเชื่อ
650  4 ^aศาสนา^xไทย
650  4 ^aศาสนากับสังคม
945    ^p0^l0^i24413
995    ^aวิภา
999 ^a ทศพร
รายการนี้ยังไม่มีแท็ก
คุณยังไม่ได้ล็อกอิน คุณสามารถมีกิจกรรมร่วมกับเว็บไซต์ได้ แต่ต้องล็อกอินก่อน ::
  ล็อกอิน

รายการสื่อสารสนเทศ

ลำดับที่ ประเภท เลขเรียก/บาร์โค้ด สถานที่ สถานะ
1. วิทยาศาสตร์การแพทย์ และสุขภาพ
วิทยาศาสตร์การแพทย์ และสุขภาพ
BL2075 ส747อ ล.2  
  Barcode: 24413
ห้องสมุดวิทยาเขตสวรรค์ประชารักษ์
►หนังสือทั่วไป
บนชั้น

รายการใกล้เคียง
    หัวเรื่อง [ความเชื่อ]
    หัวเรื่อง [ศาสนากับสังคม]

BibComment


ยังไม่เคยถูกคอมเมนท์

คอมเมนท์ทรัพยากรรายการนี้
  คอมเมนท์: ความเชื่อและศาสน..


 Copyright 2026. Bcnsprnw @Library